| 000 | 01176nam a2200301 i 4500 | ||
|---|---|---|---|
| 001 | 196607 | ||
| 003 | ES-MaACL | ||
| 005 | 20241017171338.0 | ||
| 007 | ta | ||
| 008 | 241010b1985 sp ||||| |||| 00| 0 spa d | ||
| 040 |
_bspa _cES-MaACL _dES-MaACL |
||
| 100 |
_ala Lombana y Mijancos, Luis-Carlos de _9239121 _eaut |
||
| 245 |
_aEpístola navideña a los XXX años del gran viaje / _cLuis-Carlos de La Lombana y Mijancos |
||
| 246 | _aEpístola navideña a los 30 años del gran viaje | ||
| 260 |
_a[Madrid : _bs.n.], _c1985. |
||
| 300 |
_a[2] p.; _c24 cm |
||
| 336 |
_2rdacontent _atexto |
||
| 337 |
_2rdamedia _asin mediación |
||
| 338 |
_2rdacarrier _avolumen |
||
| 650 | 7 |
_9147954 _aNavidad |
|
| 655 | 7 |
_2tgfbne _9176539 _aPoesías |
|
| 852 |
_aES-MaACL _cDEPOF _jFOLL-BUE-62 _gFirma manuscrita del autor, Luis-Carlos de La Lombana y Mijancos, para Antonio Buero Vallejo. _hLegado: Antonio Buero Vallejo _9204322 |
||
| 903 |
_932421 _aBuero Vallejo, Antonio, _q1 _d1916-2000 _ednr |
||
| 942 |
_n0 _cFOLLETOS |
||
| 999 |
_c196607 _d196607 |
||